Loading...
Manmaranja masikakal/
| Main Author: | |
|---|---|
| Format: | Printed Book |
| Language: | Malayalam |
| Published: |
Kottayam:
N.B.S.
1971.
Sahithya pravarthaka sahakarana sangam Sahithya pravarthaka sahakarana sangam 1971 |
| LEADER | 00837nam a2200157Ia 4500 | ||
|---|---|---|---|
| 008 | 111205s9999 xx 000 0 mal d | ||
| 100 | |a Priyadarsanan, G. | ||
| 245 | |a Manmaranja masikakal/ |c Priyadarsanan. G. | ||
| 260 | |b N.B.S. |a Kottayam: |c 1971. | ||
| 260 | |b Sahithya pravarthaka sahakarana sangam |a Sahithya pravarthaka sahakarana sangam |c 1971 | ||
| 300 | |a 97p. | ||
| 942 | |c BK |2 ddc | ||
| 999 | |c 212226 |d 212226 | ||
| 952 | |0 0 |1 0 |2 ddc |4 0 |6 050_000000000000000_PRI_M |7 0 |9 234726 |a MAL |b MAL |c ST1 |d 2020-01-13 |g 0.00 |l 5 |o 050 PRI/M |p MAL9946 |r 2018-01-10 |s 2017-12-15 |v 0.00 |w 2011-12-05 |y BK | ||
| 952 | |0 0 |1 0 |2 ddc |4 0 |6 050_000000000000000_PRI_M |7 0 |9 243926 |a MAL |b MAL |c ST1 |d 2020-01-13 |g 0.00 |l 6 |o 050 PRI/M |p MAL4738 |r 2015-04-21 |s 2015-04-18 |v 0.00 |w 2011-12-05 |y BK | ||
| 952 | |0 0 |1 0 |2 ddc |4 1 |7 0 |9 412160 |a MCJ |b MCJ |c ST1 |d 2021-02-19 |i 109 |l 0 |p MCJ109 |r 2021-02-19 |w 2021-02-19 |y BK | ||